书目信息 |
| 题名: |
轻松阅读起搏心电图
|
|
| 作者: | 刘霞 编著 | |
| 分册: | ||
| 出版信息: | 上海 上海科学技术出版社 2017.01 |
|
| 页数: | 656页 | |
| 开本: | 19×21cm | |
| 丛书名: | ||
| 单 册: | ||
| 中图分类: | R540.4 | |
| 科图分类: | ||
| 主题词: | 心脏起搏器--心电图--研究 | |
| 电子资源: | ||
| ISBN: | 978-7-5478-3265-3 | |
| 000 | 01061nam0 2200241 450 | |
| 001 | 1243 | |
| 005 | 20180927162030.96 | |
| 010 | @a978-7-5478-3265-3@dCNY78.00 | |
| 100 | @a20170328d2017 em y0chiy50 ea | |
| 101 | 0 | @achi |
| 102 | @aCN@b310000 | |
| 105 | @aa z 000yy | |
| 200 | 1 | @a轻松阅读起搏心电图@9qing song yue du qi bo xin dian tu@f刘霞编著 |
| 210 | @a上海@c上海科学技术出版社@d2017.01 | |
| 215 | @a656页@d19×21cm | |
| 312 | @a封面英文题名:Paced ecg made easy | |
| 330 | @a本书的主要作用是普及广大读者对起搏心电图的认识能力,倡导从心电图上认识起搏器,而非从起搏器认识心电图。本书特色在于根据心电图的特点来认识和分析起搏器,循序渐进,具有“看图识器”的速成功效,是系统学习起搏心电图的一条捷径。作者将起搏心电图的基本原理和阅读分析以直观简洁的图示表达出来,每页均配有对应的图,绘制精美,使读者一目了然,易于理解和掌握,而又绝无过于肤浅之感。 | |
| 510 | 1 | @aPaced ecg made easy@zeng |
| 606 | 0 | @a心脏起搏器@x心电图@x研究 |
| 690 | @aR540.4@v5 | |
| 701 | 0 | @a刘霞@9liu xia@4编著 |
| 801 | 0 | @aCN@b91MARC@c20170328 |
| 905 | @aMuseLib@dR540.4@e144 | |
| 轻松阅读起搏心电图/刘霞编著.-上海:上海科学技术出版社,2017.01 |
| 656页;19×21cm |
| ISBN 978-7-5478-3265-3:CNY78.00 |
| 本书的主要作用是普及广大读者对起搏心电图的认识能力,倡导从心电图上认识起搏器,而非从起搏器认识心电图。本书特色在于根据心电图的特点来认识和分析起搏器,循序渐进,具有“看图识器”的速成功效,是系统学习起搏心电图的一条捷径。作者将起搏心电图的基本原理和阅读分析以直观简洁的图示表达出来,每页均配有对应的图,绘制精美,使读者一目了然,易于理解和掌握,而又绝无过于肤浅之感。 |
| ● |
| 相关链接 |
|
|
|
|
正题名:轻松阅读起搏心电图
索取号:R540.4/144
 
预约/预借
| 序号 | 登录号 | 条形码 | 馆藏地/架位号 | 状态 | 备注 |
| 1 | 1121864 | 211218644 | 第二样本阅览室/ [索取号:R540.4/144] | 在馆 | |
| 2 | 1121865 | 211218653 | 第三借阅区/ [索取号:R540.4/144] | 在馆 | |
| 3 | 1121866 | 211218662 | 第三借阅区/ [索取号:R540.4/144] | 在馆 | |
| 4 | 1121867 | 211218671 | 第三借阅区/ [索取号:R540.4/144] | 在馆 | |
| 5 | 1121868 | 211218680 | 密集书库-生命科学系/ [索取号:R540.4/144] | 在馆 |